| 000 | 00614nam a2200205 u 4500 | ||
|---|---|---|---|
| 005 | 20210223130738.0 | ||
| 008 | 081024s2007 mx r 000 0 spa d | ||
| 020 | _a9789702010098 | ||
| 035 | _aUPN01000164065 | ||
| 049 | _aI | ||
| 050 | 4 |
_aQH48 _bG8.5 |
|
| 100 | 1 |
_aGuillén, Fedro Carlos, _d1959- _930566 |
|
| 245 | 1 | 3 |
_aEl libro de las excepciones / _cFedro Carlos Guillén. |
| 260 |
_aMéxico : _bCastillo, _cc2007. |
||
| 300 |
_a61 p. : _bil. col. |
||
| 440 | 0 | _aCiencias biológicas | |
| 650 | 4 |
_aCURIOSIDADES Y MARAVILLAS _95026 |
|
| 650 | 4 |
_aNATURALEZA - _vLITERATURA JUVENIL _912223 |
|
| 905 | _aInfantil | ||
| 999 |
_c136178 _d136178 |
||